Kraje które najbardziej ucierpiały podczas II wojny światowej - Statystyki

Ogólne statystyki
  • Ten quiz został rozwiązany 38 razy
  • Średni wynik to 6 z 9
Statystyki odpowiedzi
Odpowiedź ~Liczba ofiar *% % Poprawnych
Niemcy 7 000 000 8,5%
100%
ZSRR 23 000 000 13%
100%
Polska 6 000 000 17%
97%
Chiny 17 500 000 3,4%
72%
Węgry 700 000 7,7%
50%
Estonia 83 000 7,3%
44%
Litwa 370 000 14,4%
44%
Łotwa 250 000 12,5%
44%
Jugosławia 1 500 000 9,7%
38%
Nie znaleziono quizów pasujących do podanych kryteriów
Rozkład punktacji
Procent ludzi z każdym wynikiem
Percentyl według liczby udzielonych odpowiedzi
Twoja historia wyników
Nie rozwiązałeś tego quizu